| 000 | 00721nam a22002057a 4500 | ||
|---|---|---|---|
| 005 | 20130814144239.0 | ||
| 010 | _aENG-108230 | ||
| 020 |
_a9788125953104 _c325.00 |
||
| 035 | _aEN-91763 | ||
| 037 | _bDBAD/PUB | ||
| 082 | _a343.94307 | ||
| 100 | _aKuchhal, M.C. | ||
| 245 | 1 | 0 |
_aBusiness legislation for management : _cby M.C. Kuchhal [and] Deepa Prakash _ba textbook for MBA, PGDM and other similar professional examinations / |
| 250 | _a3rd updated and expanded ed | ||
| 260 |
_aNoida _bVikas Publishing House _c2012 |
||
| 270 |
_aA-22, Sector-4 _bNoida _e201301 |
||
| 300 |
_axi,572p. _c24cm(pbk) |
||
| 700 | _aDeepa Prakash | ||
| 942 |
_2ddc _cEN _mKUC _h343.94307 |
||
| 999 |
_c78199 _d78199 |
||